000 00484nam a2200193 a 4500
001 2374
003 CO-ViMGA
008 141112s2004 ck r 000 u spa d
040 _aCO-ViMGA
_bspa
_cCO-ViMGA
082 0 4 _aCARp
100 1 _aCarranza, Maite
245 1 0 _aProhibido llover los sábados
260 _aMadrid :
_bAnaya,
_c1994
300 _a88 p : il
490 _aEl duende verde, 66
590 _aEjemplares : 2
650 1 4 _aCUENTOS INFANTILES
_92743
942 _2ddc
_cBK
999 _c14473
_d14473